[Event "BL 0809 (Women)"]
[Site "Germany"]
[Date "2008.12.07"]
[Round "4.6"]
[White "Petrova, Kristyna"]
[Black "Hausmann, Ilka"]
[Result "1-0"]
[WhiteElo "2179"]
[BlackElo "2119"]
[PlyCount "143"]
[EventDate "2008.11.08"]
[EventType "team-tourn"]
[EventRounds "11"]
[EventCountry "GER"]
[SourceTitle "EXT 2010"]
[Source "ChessBase"]
[SourceDate "2010.11.25"]
[SourceVersion "1"]
[SourceVersionDate "2010.11.25"]
[SourceQuality "1"]
[WhiteTeam "Grosslehna (W)"]
[BlackTeam "Leipzig Gohlis (W)"]
[WhiteTeamCountry "GER"]
[BlackTeamCountry "GER"]

1. e4 e6 2. d3 c5 3. g3 Nc6 4. Bg2 g6 5. Nd2 Nge7 6. Ngf3 Bg7 7. 0-0 0-0 8. Re1 d6 9. h4 h6 10. Nf1 f5 11. c3 Qb6 12. Qe2 Bd7 13. Ne3 Rae8 14. Nc4 Qc7 15. e5 d5 16. Nd6 Rd8 17. d4 cxd4 18. Nb5 Qb6 19. Nbxd4 Nxd4 20. Nxd4 Nc6 21. Nxc6 Qxc6 22. Be3 a6 23. Rad1 Qb5 24. Qd2 Kh7 25. Bf3 Qa5 26. a3 Qc7 27. Bf4 Bc6 28. Qe3 Ba4 29. Rd4 Bb3 30. Rb4 Bc4 31. Qb6 Qe7 32. Qxb7 Qxb7 33. Rxb7 Rb8 34. Rxb8 Rxb8 35. Bc1 a5 36. Be2 Bb3 37. Bd3 Kg8 38. Kg2 Rb7 39. f4 Bf8 40. Kf2 Bc5+ 41. Ke2 Kf7 42. Rh1 a4 43. h5 gxh5 44. Rxh5 Bf8 45. Rh2 Rc7 46. Kd2 Kg7 47. Bc2 d4 48. Bxb3 dxc3+ 49. bxc3 axb3 50. Kd3 Ra7 51. c4 Bxa3 52. Bxa3 Rxa3 53. Rb2 Ra1 54. Rxb3 Rd1+ 55. Kc3 Rg1 56. Kb4 Kf7 57. Kb5 Rc1 58. c5 Ke7 59. Rd3 Rb1+ 60. Kc6 Rc1 61. Kb6 Rb1+ 62. Kc7 Rc1 63. c6 Rc4 64. Kb7 Rb4+ 65. Kc8 Rc4 66. c7 Rb4 67. Rd7+ Ke8 68. Rh7 h5 69. Rxh5 Rb3 70. Rh1 Ke7 71. Ra1 Rxg3 72. Rb1 1-0

[Event "BL 0708 (Women)"]
[Site "Germany"]
[Date "2008.04.13"]
[Round "11.6"]
[White "Schmidt, Jade"]
[Black "Hausmann, Ilka"]
[Result "1-0"]
[WhiteElo "1975"]
[BlackElo "2144"]
[PlyCount "137"]
[EventDate "2007.11.10"]
[EventType "team-tourn"]
[EventRounds "11"]
[EventCountry "GER"]
[SourceTitle "EXT 2009"]
[Source "ChessBase"]
[SourceDate "2008.11.26"]
[SourceVersion "1"]
[SourceVersionDate "2008.11.26"]
[SourceQuality "1"]
[WhiteTeam "Hamburger SK (W)"]
[BlackTeam "Leipzig Gohlis (W)"]
[WhiteTeamCountry "GER"]
[BlackTeamCountry "GER"]

1. d4 Nf6 2. c4 g6 3. f3 d5 4. cxd5 Nxd5 5. e4 Nb6 6. Nc3 Bg7 7. Be3 0-0 8. Qd2 Nc6 9. Rd1 f5 10. b3 f4 11. Bf2 Qe8 12. Nb5 Qd7 13. Ne2 Bh6 14. Nec3 Nd8 15. Be2 c6 16. Na3 Qc7 17. Rc1 Qd6 18. Nc2 Qf6 19. 0-0 Ne6 20. Rfd1 Nc7 21. Nb4 Be6 22. Qe1 Rfd8 23. Nd3 Bf7 24. Ne5 Bg7 25. Bf1 Kh8 26. Ne2 Bg8 27. Nd3 Ne6 28. Nc5 Nxc5 29. dxc5 Nd7 30. Bd4 e5 31. Bf2 Nf8 32. Nc3 Rxd1 33. Rxd1 Rd8 34. Na4 Ne6 35. Nb2 Bf8 36. b4 a5 37. a3 axb4 38. axb4 Rxd1 39. Qxd1 Qd8 40. Qxd8 Nxd8 41. Bh4 Nf7 42. Bf6+ Bg7 43. Be7 Nh6 44. Nc4 Bxc4 45. Bxc4 Ng8 46. Bd6 Bf6 47. Be6 Ne7 48. Kf1 Kg7 49. Ke2 g5 50. Kd3 h5 51. Kc4 Ng6 52. Bc8 Nh4 53. Bxb7 Nxg2 54. Bxc6 g4 55. fxg4 hxg4 56. Kd3 Ne1+ 57. Ke2 Nc2 58. b5 Nd4+ 59. Kf1 Kf7 60. Bd7 Be7 61. b6 Nb3 62. b7 Bxd6 63. cxd6 Nc5 64. b8Q Nxd7 65. Qb3+ Kf6 66. Qb7 Ke6 67. Qc7 g3 68. hxg3 fxg3 69. Kg2 1-0

[Event "BL 0708 (Women)"]
[Site "Germany"]
[Date "2007.12.01"]
[Round "3.5"]
[White "Hausmann, Ilka"]
[Black "Guenther, Anetta"]
[Result "0-1"]
[WhiteElo "2144"]
[BlackElo "2125"]
[PlyCount "106"]
[EventDate "2007.11.10"]
[EventType "team-tourn"]
[EventRounds "11"]
[EventCountry "GER"]
[SourceTitle "EXT 2009"]
[Source "ChessBase"]
[SourceDate "2008.11.26"]
[SourceVersion "1"]
[SourceVersionDate "2008.11.26"]
[SourceQuality "1"]
[WhiteTeam "Leipzig Gohlis (W)"]
[BlackTeam "Rodewisch (W)"]
[WhiteTeamCountry "GER"]
[BlackTeamCountry "GER"]

1. e4 c5 2. c3 d5 3. exd5 Qxd5 4. d4 Nc6 5. Nf3 Bg4 6. Be2 cxd4 7. cxd4 e6 8. Nc3 Qa5 9. Be3 Nf6 10. h3 Bh5 11. Qb3 Qb4 12. 0-0 Qxb3 13. axb3 Bb4 14. Rfd1 0-0 15. g4 Bg6 16. Ne5 Bc2 17. Rdc1 Bxb3 18. Nb5 Nxe5 19. dxe5 Nd5 20. Bxa7 Bd2 21. Rc5 Nf4 22. Bf1 Rfd8 23. Nc7 Rac8 24. Nb5 Bd5 25. Bb6 Rxc5 26. Bxc5 Ng6 27. Bd6 Bf4 28. Re1 Nh4 29. Nd4 Rc8 30. Be2 Rc1 31. Rxc1 Bxc1 32. b4 Bb2 33. Nc2 Ng6 34. Ne3 Bxe5 35. Bxe5 Nxe5 36. Nxd5 exd5 37. f4 Ng6 38. f5 Ne5 39. Kf2 d4 40. Bf3 b6 41. Kg3 Nd3 42. b5 f6 43. Be2 Nc5 44. Kf4 Kf7 45. h4 Ke7 46. Bc4 h6 47. g5 hxg5+ 48. hxg5 Kd6 49. gxf6 gxf6 50. Bf7 Nd7 51. Ke4 Kc5 52. Be8 Ne5 53. Bh5 Nc4 0-1

[Event "BL2 Gr02 0506 (Women)"]
[Site "Germany"]
[Date "2006.03.05"]
[Round "7.6"]
[White "Hausmann, Ilka"]
[Black "Muench, Ursula"]
[Result "1/2-1/2"]
[WhiteElo "2086"]
[BlackElo "1799"]
[PlyCount "36"]
[EventDate "2005.10.29"]
[EventType "team-tourn"]
[EventRounds "7"]
[EventCountry "GER"]
[SourceTitle "EXT 2007"]
[Source "ChessBase"]
[SourceDate "2006.11.23"]
[SourceVersion "1"]
[SourceVersionDate "2006.11.23"]
[SourceQuality "1"]
[WhiteTeam "Leipzig Gohlis"]
[BlackTeam "Augsburg"]
[WhiteTeamCountry "GER"]
[BlackTeamCountry "GER"]

1. e4 c5 2. c3 Nc6 3. d4 cxd4 4. cxd4 d6 5. Nc3 Nf6 6. f3 e6 7. Be3 Be7 8. Bd3 0-0 9. Nge2 Bd7 10. Rc1 Rc8 11. 0-0 a6 12. a3 b5 13. b4 Qb6 14. Qd2 Qb7 15. Ng3 Bd8 16. f4 Ng4 17. Kh1 Nxe3 18. Qxe3 Bb6 1/2-1/2

[Event "BL 0405 (Women)"]
[Site "Germany"]
[Date "2005.04.24"]
[Round "11.6"]
[White "Hausmann, Ilka"]
[Black "Krege, Sandra"]
[Result "0-1"]
[WhiteElo "2149"]
[BlackElo "1900"]
[PlyCount "130"]
[EventDate "2004.11.06"]
[EventType "team-tourn"]
[EventRounds "11"]
[EventCountry "GER"]
[SourceTitle "EXT 2006"]
[Source "ChessBase"]
[SourceDate "2005.11.24"]
[SourceVersion "1"]
[SourceVersionDate "2005.11.24"]
[SourceQuality "1"]
[WhiteTeam "Leipzig Gohlis (W)"]
[BlackTeam "Halle (W)"]
[WhiteTeamCountry "GER"]
[BlackTeamCountry "GER"]

1. e4 c5 2. c3 Nf6 3. e5 Nd5 4. d4 cxd4 5. Nf3 Nc6 6. Bc4 Nb6 7. Bb3 e6 8. cxd4 d6 9. Bg5 Qc7 10. 0-0 Bd7 11. Qe2 Na5 12. Rc1 Bc6 13. Bd1 d5 14. Nc3 Qd7 15. Bc2 Rc8 16. a3 Nac4 17. Bd3 a6 18. Rf1 Na4 19. Nxa4 Bxa4 20. Ne1 Qb5 21. Rb1 Bb3 22. f4 Qb6 23. Nf3 h6 24. Bh4 g6 25. g4 h5 26. Bf6 Rh7 27. h3 hxg4 28. hxg4 Be7 29. Kg2 Qd8 30. Ng5 Rh6 31. Bg7 Rh4 32. Kg3 Bxg5 33. fxg5 Rh7 34. Bf6 Qb6 35. Qf2 Ba2 36. Rbc1 Kd7 37. b4 Bb3 38. Rc3 Ba4 39. Rfc1 Bb5 40. Qg1 Rc6 41. Bxc4 Bxc4 42. Qf2 Qb5 43. Qb2 Bf1 44. Qd2 Rh3+ 45. Kf4 Rcxc3 46. Rxc3 Rxc3 47. Qxc3 Qe2 48. Qf3 Qc4 49. Qe3 Bd3 50. Kg3 b5 51. Bg7 Ke8 52. Qf2 Qc3 53. Qf6 Be4+ 54. Kf2 Qxd4+ 55. Kf1 Qd3+ 56. Kf2 Qxa3 57. Bf8 Kxf8 58. Qd8+ Kg7 59. Qf6+ Kg8 60. Qd8+ Kh7 61. Qf6 Qb2+ 62. Kf1 Qc1+ 63. Ke2 Qc7 64. Qf4 Kg8 65. Qf6 a5 0-1

[Event "BL 0405 (Women)"]
[Site "Germany"]
[Date "2005.03.20"]
[Round "9.4"]
[White "Hegeler, Anja"]
[Black "Hausmann, Ilka"]
[Result "1/2-1/2"]
[WhiteElo "2214"]
[BlackElo "2149"]
[PlyCount "113"]
[EventDate "2004.11.06"]
[EventType "team-tourn"]
[EventRounds "11"]
[EventCountry "GER"]
[SourceTitle "EXT 2006"]
[Source "ChessBase"]
[SourceDate "2005.11.24"]
[SourceVersion "1"]
[SourceVersionDate "2005.11.24"]
[SourceQuality "1"]
[WhiteTeam "Hamburg (W)"]
[BlackTeam "Leipzig Gohlis (W)"]
[WhiteTeamCountry "GER"]
[BlackTeamCountry "GER"]

1. e4 e6 2. d4 d5 3. Nc3 Bb4 4. exd5 exd5 5. Bd3 Nc6 6. a3 Be7 7. Be3 Bf6 8. Qh5 Nge7 9. Nge2 g6 10. Qf3 Bg7 11. 0-0-0 Be6 12. Nf4 Qd7 13. Nxe6 fxe6 14. Rhe1 0-0-0 15. Bb5 Nf5 16. Na4 Rhe8 17. g4 Nxe3 18. fxe3 Re7 19. Qe2 Qd6 20. Nc5 Nb8 21. Rd3 e5 22. Rb3 c6 23. Ba6 Nxa6 24. Nxa6 exd4 25. Nb4 dxe3 26. Rxe3 Qf4 27. Kb1 Rxe3 28. Qxe3 Qxe3 29. Rxe3 Kd7 30. Nd3 b6 31. g5 Kd6 32. Rh3 Rh8 33. Rf3 Rf8 34. Rh3 Rh8 35. Rf3 a5 36. Rf7 Bd4 37. c3 Be5 38. Nxe5 Kxe5 39. Rf6 Rc8 40. Rf7 a4 41. Rxh7 Kf5 42. h4 Kg4 43. Rg7 Kxh4 44. Rxg6 Kh5 45. Rg7 Re8 46. Kc2 Re6 47. Kd3 Rd6 48. Ra7 Kxg5 49. Rxa4 Kf5 50. Ra8 Ke6 51. a4 c5 52. b4 d4 53. bxc5 bxc5 54. a5 Kd7 55. Ra7+ Kc6 56. Ra6+ Kc7 57. Rxd6 1/2-1/2

[Event "BL 0405 (Women)"]
[Site "Germany"]
[Date "2004.12.05"]
[Round "4.5"]
[White "Mueller, Claudia"]
[Black "Hausmann, Ilka"]
[Result "1-0"]
[WhiteElo "1846"]
[BlackElo "2149"]
[PlyCount "81"]
[EventDate "2004.11.06"]
[EventType "team-tourn"]
[EventRounds "11"]
[EventCountry "GER"]
[SourceTitle "EXT 2006"]
[Source "ChessBase"]
[SourceDate "2005.11.24"]
[SourceVersion "1"]
[SourceVersionDate "2005.11.24"]
[SourceQuality "1"]
[WhiteTeam "Mannheim (W)"]
[BlackTeam "Leipzig Gohlis (W)"]
[WhiteTeamCountry "GER"]
[BlackTeamCountry "GER"]

1. e4 e6 2. d4 d5 3. exd5 exd5 4. Bd3 c5 5. dxc5 Bxc5 6. Ne2 Nf6 7. 0-0 0-0 8. Nbc3 Nbd7 9. Bg5 h6 10. Bh4 Nb6 11. Qd2 Bd7 12. Ng3 Re8 13. Nh5 Be7 14. Nxf6+ Bxf6 15. Bxf6 Qxf6 16. Rfe1 Bc6 17. Rxe8+ Rxe8 18. Re1 Rxe1+ 19. Qxe1 Nc4 20. Nxd5 Qe5 21. Ne7+ Kf8 22. Qxe5 Nxe5 23. Nxc6 Nxd3 24. cxd3 bxc6 25. f4 Ke7 26. Kf2 Ke6 27. Ke3 Kd5 28. g4 c5 29. h4 h5 30. gxh5 f6 31. a3 f5 32. b3 a6 33. b4 c4 34. d4 c3 35. Kd3 c2 36. Kxc2 Kxd4 37. Kb3 Ke4 38. a4 Kxf4 39. b5 axb5 40. a5 Kg3 41. a6 1-0

[Event "BL 0405 (Women)"]
[Site "Germany"]
[Date "2004.12.04"]
[Round "3.5"]
[White "Hausmann, Ilka"]
[Black "Henrichs, Wenke"]
[Result "1/2-1/2"]
[WhiteElo "2149"]
[BlackElo "2090"]
[PlyCount "96"]
[EventDate "2004.11.06"]
[EventType "team-tourn"]
[EventRounds "11"]
[EventCountry "GER"]
[SourceTitle "EXT 2006"]
[Source "ChessBase"]
[SourceDate "2005.11.24"]
[SourceVersion "1"]
[SourceVersionDate "2005.11.24"]
[SourceQuality "1"]
[WhiteTeam "Leipzig Gohlis (W)"]
[BlackTeam "Holsterhausen (W)"]
[WhiteTeamCountry "GER"]
[BlackTeamCountry "GER"]

1. e4 Nf6 2. e5 Nd5 3. Nc3 Nxc3 4. bxc3 d6 5. f4 c5 6. d4 Qc7 7. Nf3 g6 8. Bd3 Nc6 9. d5 c4 10. Be4 Nb8 11. Be3 Bg7 12. Bd4 0-0 13. 0-0 Nd7 14. exd6 exd6 15. Bxg7 Kxg7 16. Qd4+ Kg8 17. f5 Qc5 18. Rae1 Qxd4+ 19. Nxd4 Nc5 20. f6 Bd7 21. Bf3 Rfe8 22. Kf2 Na4 23. Rxe8+ Rxe8 24. Rb1 b6 25. Rb4 Nxc3 26. Rxc4 Ne4+ 27. Bxe4 Rxe4 28. Rc7 Be8 29. c3 Rf4+ 30. Ke2 Rxf6 31. Rxa7 Rf4 32. Ra8 Kf8 33. Rb8 Re4+ 34. Kf3 Re5 35. c4 Re1 36. Rxb6 Rc1 37. Rb4 Rc3+ 38. Kf4 Ke7 39. g3 h6 40. Rb7+ Kf6 41. Rc7 Ba4 42. Ke4 Ra3 43. Nb5 Bc2+ 44. Kd4 Rd3+ 45. Ke4 Rxg3+ 46. Kd4 Rd3+ 47. Ke4 Rh3+ 48. Kd4 Rd3+ 1/2-1/2

[Event "GER-chT Federal Cup (Women)"]
[Site "Naumburg"]
[Date "2003.04.04"]
[Round "3"]
[White "Hausmann, Ilka"]
[Black "Dergatschova, Anna"]
[Result "0-1"]
[WhiteElo "2173"]
[BlackElo "2247"]
[PlyCount "48"]
[EventDate "2003.04.??"]
[EventType "team-swiss"]
[EventRounds "5"]
[EventCountry "GER"]
[SourceTitle "EXT 2004"]
[Source "ChessBase"]
[SourceDate "2003.11.25"]
[SourceVersion "1"]
[SourceVersionDate "2003.11.25"]
[SourceQuality "1"]

1. e4 a6 2. d4 b5 3. c4 Bb7 4. f3 bxc4 5. Bxc4 d5 6. Qb3 dxc4 7. Qxb7 Nd7 8. Nc3 e5 9. Nge2 exd4 10. Nd5 Bd6 11. Nxd4 Rb8 12. Qxa6 Qh4+ 13. Ke2 Nh6 14. g3 Qh3 15. Bf4 Rxb2+ 16. Ke3 0-0 17. Bxd6 Qg2 18. Rad1 cxd6 19. Qxd6 Qf2+ 20. Kf4 f6 21. Qe6+ Kh8 22. h4 Ne5 23. h5 g5+ 24. hxg6 Nxg6# 0-1

[Event "BL 0203 (Women)"]
[Site "Germany"]
[Date "2003.03.16"]
[Round "11.3"]
[White "Dergatschova, Anna"]
[Black "Hausmann, Ilka"]
[Result "1-0"]
[WhiteElo "2247"]
[BlackElo "2173"]
[PlyCount "64"]
[EventDate "2002.10.12"]
[EventType "team-tourn"]
[EventRounds "11"]
[EventCountry "GER"]
[SourceTitle "EXT 2004"]
[Source "ChessBase"]
[SourceDate "2003.11.25"]
[SourceVersion "1"]
[SourceVersionDate "2003.11.25"]
[SourceQuality "1"]
[WhiteTeam "Holsterhausen (W)"]
[BlackTeam "Leipzig Gohlis (W)"]
[WhiteTeamCountry "GER"]
[BlackTeamCountry "GER"]

1. e4 e6 2. d4 d5 3. Nd2 c5 4. exd5 exd5 5. h3 Nf6 6. Ngf3 c4 7. Ne5 Bf5 8. g4 Bg6 9. Bg2 Nbd7 10. 0-0 Be7 11. Nxg6 hxg6 12. b3 cxb3 13. axb3 Nb6 14. Nf3 Qc7 15. Re1 0-0 16. Ne5 Bd6 17. Ba3 Bxa3 18. Rxa3 a6 19. c4 dxc4 20. bxc4 Rac8 21. Rb3 Nxc4 22. Rxb7 Qd6 23. Qa1 Rc7 24. Rxc7 Qxc7 25. Qxa6 Nb6 26. Rb1 Nfd5 27. Qa5 Qd6 28. Qc5 Qe6 29. Nc6 Re8 30. Ne5 Rc8 31. Qa5 Qd6 32. Qa6 Rd8 1-0

[Event "BL 0203 (Women)"]
[Site "Germany"]
[Date "2003.03.15"]
[Round "10.3"]
[White "Hausmann, Ilka"]
[Black "Botsari, Anna Maria"]
[Result "0-1"]
[WhiteElo "2173"]
[BlackElo "2329"]
[PlyCount "80"]
[EventDate "2002.10.12"]
[EventType "team-tourn"]
[EventRounds "11"]
[EventCountry "GER"]
[SourceTitle "EXT 2004"]
[Source "ChessBase"]
[SourceDate "2003.11.25"]
[SourceVersion "1"]
[SourceVersionDate "2003.11.25"]
[SourceQuality "1"]
[WhiteTeam "Leipzig Gohlis (W)"]
[BlackTeam "Kiel (W)"]
[WhiteTeamCountry "GER"]
[BlackTeamCountry "GER"]

1. e4 c5 2. c3 d5 3. exd5 Qxd5 4. d4 e5 5. Nf3 Nc6 6. Be3 cxd4 7. cxd4 Bg4 8. Be2 0-0-0 9. Nc3 Qa5 10. Nxe5 Nxe5 11. Bxg4+ Nxg4 12. Qxg4+ f5 13. Qe2 Bd6 14. 0-0 Nf6 15. Rac1 Kb8 16. Nb5 Qa6 17. Rfe1 f4 18. Nxd6 Qxd6 19. Bd2 Rhe8 20. Qc4 Ne4 21. Bb4 Qb6 22. Bc3 f3 23. Qd3 Nxc3 24. Rxe8 Rxe8 25. Qxc3 fxg2 26. Qg3+ Ka8 27. Qxg7 Qxb2 28. Qc7 a6 29. d5 Qd2 30. d6 Rf8 31. Qc5 Rd8 32. Kxg2 Rg8+ 33. Kf3 Qd3+ 34. Qe3 Qxd6 35. h4 Qd5+ 36. Qe4 Qh5+ 37. Ke3 Re8 38. Rc4 Rxe4+ 39. Rxe4 Qc5+ 40. Rd4 b5 0-1

[Event "BL 0203 (Women)"]
[Site "Germany"]
[Date "2003.02.15"]
[Round "8.4"]
[White "Hausmann, Ilka"]
[Black "Steinbacher, Claudia"]
[Result "0-1"]
[WhiteElo "2173"]
[BlackElo "2148"]
[PlyCount "80"]
[EventDate "2002.10.12"]
[EventType "team-tourn"]
[EventRounds "11"]
[EventCountry "GER"]
[SourceTitle "EXT 2004"]
[Source "ChessBase"]
[SourceDate "2003.11.25"]
[SourceVersion "1"]
[SourceVersionDate "2003.11.25"]
[SourceQuality "1"]
[WhiteTeam "Leipzig Gohlis (W)"]
[BlackTeam "Rodewisch (W)"]
[WhiteTeamCountry "GER"]
[BlackTeamCountry "GER"]

1. e4 c5 2. c3 d5 3. exd5 Qxd5 4. d4 Nf6 5. Nf3 Bg4 6. Be2 e6 7. h3 Bh5 8. 0-0 Nc6 9. Be3 cxd4 10. cxd4 Bb4 11. Nc3 Qd6 12. Nb5 Qb8 13. a3 Be7 14. Rc1 Nd5 15. Nc3 Nxe3 16. fxe3 0-0 17. Ne4 Bg6 18. Nfd2 Qd8 19. Bf3 f5 20. Nc5 Nxd4 21. Bxb7 Rb8 22. Nf3 Nxf3+ 23. Qxf3 Bxc5 24. Rxc5 Qb6 25. b4 Qxb7 26. Qg3 Rbc8 27. Rfc1 Qb8 28. Qg5 Rxc5 29. Rxc5 Qd6 30. h4 Bf7 31. Rc1 h6 32. Qf4 e5 33. Qxf5 Bg6 34. Qh3 Qf6 35. Rc8 Qf2+ 36. Kh2 Rxc8 37. Qxc8+ Kh7 38. Qb7 Qxh4+ 39. Kg1 Qe1+ 40. Kh2 Qxe3 0-1

[Event "BL 0203 (Women)"]
[Site "Germany"]
[Date "2003.02.01"]
[Round "6.4"]
[White "Roessler, Ulrike"]
[Black "Hausmann, Ilka"]
[Result "1-0"]
[WhiteElo "2207"]
[BlackElo "2173"]
[PlyCount "87"]
[EventDate "2002.10.12"]
[EventType "team-tourn"]
[EventRounds "11"]
[EventCountry "GER"]
[SourceTitle "EXT 2004"]
[Source "ChessBase"]
[SourceDate "2003.11.25"]
[SourceVersion "1"]
[SourceVersionDate "2003.11.25"]
[SourceQuality "1"]
[WhiteTeam "Dresden SC (W)"]
[BlackTeam "Leipzig Gohlis (W)"]
[WhiteTeamCountry "GER"]
[BlackTeamCountry "GER"]

1. e4 e6 2. d4 d5 3. Nc3 dxe4 4. Nxe4 Nf6 5. Bd3 Nbd7 6. Bg5 Be7 7. Bxf6 Nxf6 8. Nf3 Qd5 9. Qe2 Qa5+ 10. c3 Bd7 11. Ne5 Rd8 12. 0-0 0-0 13. Ng5 c5 14. dxc5 Qxc5 15. Rad1 Bc8 16. Rfe1 b6 17. Qc2 g6 18. b4 Qc7 19. f4 Kg7 20. a3 Nd5 21. Nxh7 Rh8 22. Ng5 Bxg5 23. fxg5 Qxc3 24. Bxg6 Qxc2 25. Bxc2 Rh5 26. Nf3 Bb7 27. g6 Rc8 28. Rd2 Rc3 29. Nd4 e5 30. Nf5+ Kf8 31. g7+ Kg8 32. Rxe5 Rxf5 33. Bxf5 Ne3 34. Re2 Nxf5 35. Rxf5 Kxg7 36. h3 Bc8 37. Rf3 Rc1+ 38. Kh2 Be6 39. Rd2 Ra1 40. Rd8 a5 41. bxa5 bxa5 42. Ra8 Bd5 43. Rg3+ Kf6 44. Rxa5 1-0

[Event "BL 0203 (Women)"]
[Site "Germany"]
[Date "2002.11.30"]
[Round "3.3"]
[White "Rudolph, Anna"]
[Black "Hausmann, Ilka"]
[Result "1-0"]
[WhiteElo "2208"]
[BlackElo "2173"]
[PlyCount "81"]
[EventDate "2002.10.12"]
[EventType "team-tourn"]
[EventRounds "11"]
[EventCountry "GER"]
[SourceTitle "EXT 2004"]
[Source "ChessBase"]
[SourceDate "2003.11.25"]
[SourceVersion "1"]
[SourceVersionDate "2003.11.25"]
[SourceQuality "1"]
[WhiteTeam "Karlsruhe (W)"]
[BlackTeam "Leipzig Gohlis (W)"]
[WhiteTeamCountry "GER"]
[BlackTeamCountry "GER"]

1. e4 e6 2. d4 d5 3. Nc3 Bb4 4. e5 Ne7 5. a3 Bxc3+ 6. bxc3 c5 7. Qg4 Qa5 8. Bd2 Nbc6 9. Nf3 0-0 10. Bd3 f5 11. exf6 Rxf6 12. Qh5 Ng6 13. Ng5 Nce7 14. Nxh7 Rf5 15. Bxf5 exf5 16. Ng5 Qa6 17. h4 Kf8 18. Qe2 Qxe2+ 19. Kxe2 cxd4 20. cxd4 Nc6 21. c3 b6 22. h5 Nge7 23. h6 gxh6 24. Rxh6 Ke8 25. Bf4 Na5 26. Kf3 Bb7 27. Rh8+ Kd7 28. Rxa8 Bxa8 29. Rh1 Bb7 30. Nf7 Nec6 31. Rh7 Ke6 32. Nd6 Ba6 33. Rh6+ Kd7 34. Nxf5 Nc4 35. Rh7+ Ke6 36. g4 Nxa3 37. Rh6+ Kd7 38. Rd6+ Kc7 39. Rxd5+ Kc8 40. Nd6+ Kc7 41. Nc4+ 1-0

[Event "BL2 Ost 0102 (Women)"]
[Site "Germany"]
[Date "2002.03.02"]
[Round "6.3"]
[White "Heymann, Anna Luise"]
[Black "Hausmann, Ilka"]
[Result "0-1"]
[WhiteElo "1849"]
[BlackElo "2163"]
[PlyCount "94"]
[EventDate "2001.10.28"]
[EventType "team-tourn"]
[EventRounds "7"]
[EventCountry "GER"]
[SourceTitle "EXT 2003"]
[Source "ChessBase"]
[SourceDate "2002.11.25"]
[SourceVersion "1"]
[SourceVersionDate "2002.11.25"]
[SourceQuality "1"]
[WhiteTeam "Goerlitz"]
[BlackTeam "Leipzig Gohlis"]
[WhiteTeamCountry "GER"]
[BlackTeamCountry "GER"]

1. e4 e6 2. d4 d5 3. Nc3 Bb4 4. exd5 exd5 5. Bd3 Nc6 6. a3 Be7 7. Be3 Bf6 8. Qh5 Nge7 9. Nge2 g6 10. Qf3 Bg7 11. 0-0-0 Be6 12. g4 Qd7 13. h3 0-0-0 14. Qg3 f5 15. Nf4 Bf7 16. gxf5 Nxf5 17. Bxf5 Qxf5 18. Qg4 Ne7 19. Nce2 Rd6 20. Bd2 Rc6 21. Bc3 Bh6 22. Kb1 Kd8 23. Qxf5 Nxf5 24. Nd3 Re6 25. Rhe1 Ree8 26. Nef4 Rxe1 27. Rxe1 Re8 28. Re5 c6 29. b3 Nh4 30. Ne2 Nf3 31. Rxe8+ Kxe8 32. Ne5 Nxe5 33. dxe5 Bg5 34. Ng1 Be6 35. Nf3 Bf4 36. h4 Bg4 37. Ng5 h6 38. Nh7 Kf7 39. Nf6 Bf5 40. h5 g5 41. Bd4 b6 42. b4 Ke6 43. f3 Bxe5 44. Bxe5 Kxe5 45. Ng8 g4 46. fxg4 Bxg4 47. Nxh6 Be6 0-1

[Event "BL 0001 (Women)"]
[Site "Germany"]
[Date "2001.??.??"]
[Round "11.6"]
[White "Hausmann, Ilka"]
[Black "Schmitz, Manuela"]
[Result "1-0"]
[WhiteElo "2143"]
[BlackElo "2102"]
[PlyCount "79"]
[EventDate "2000.10.??"]
[EventType "team-tourn"]
[EventRounds "11"]
[EventCountry "GER"]
[SourceTitle "CBM 082 Extra"]
[Source "ChessBase"]
[SourceDate "2001.07.03"]
[SourceVersion "1"]
[SourceVersionDate "2001.07.03"]
[SourceQuality "1"]
[WhiteTeam "Leipzig Gohlis (W)"]
[BlackTeam "Holsterhausen (W)"]
[WhiteTeamCountry "GER"]
[BlackTeamCountry "GER"]

1. e4 e6 2. d4 d5 3. Nc3 Bb4 4. exd5 exd5 5. Bd3 Nc6 6. a3 Bxc3+ 7. bxc3 Nge7 8. Qf3 Be6 9. Bg5 h6 10. Bxe7 Qxe7 11. Ne2 0-0-0 12. 0-0 Qd7 13. Ng3 g6 14. Rfb1 h5 15. Qf4 Qd6 16. Qc1 Na5 17. Qb2 b6 18. Qb5 h4 19. Nf1 Nc4 20. Re1 h3 21. g3 Rh5 22. Ne3 Kb8 23. a4 Bd7 24. Qb1 Re8 25. Nxc4 dxc4 26. Rxe8+ Bxe8 27. Qe1 Bd7 28. Be4 Bc6 29. Qe3 f5 30. Bxc6 Qxc6 31. f3 Rh8 32. Kf2 Re8 33. Qd2 a5 34. Qf4 Qe6 35. Qd2 f4 36. g4 Qf6 37. Re1 Rxe1 38. Qxe1 Qc6 39. Qe4 Qxa4 40. Qxg6 1-0

[Event "EU-Cup (Women) 05th"]
[Site "Halle"]
[Date "2000.09.30"]
[Round "7.1"]
[White "Hausmann, Ilka"]
[Black "Bojkovic, Natasa"]
[Result "0-1"]
[WhiteElo "2143"]
[BlackElo "2420"]
[PlyCount "102"]
[EventDate "2000.09.24"]
[EventType "team-swiss"]
[EventRounds "7"]
[EventCountry "GER"]
[SourceTitle "EXT 2013"]
[Source "ChessBase"]
[SourceDate "2012.11.22"]
[SourceVersion "1"]
[SourceVersionDate "2012.11.22"]
[SourceQuality "1"]
[WhiteTeam "Leipzig Gohlis (W)"]
[BlackTeam "Belgrade BAS (W)"]
[WhiteTeamCountry "GER"]
[BlackTeamCountry "YUG"]

1. e4 c5 2. c3 d5 3. exd5 Qxd5 4. d4 g6 5. Be3 cxd4 6. Bxd4 Nf6 7. c4 Qe6+ 8. Be2 Nc6 9. Bc3 Bg7 10. Nf3 0-0 11. 0-0 Rd8 12. Qc2 Qd6 13. Na3 Qc5 14. h3 Bf5 15. Qc1 Rd7 16. Nc2 Bd3 17. Bxd3 Rxd3 18. Ne3 Rad8 19. Ne1 R3d7 20. N1c2 Qh5 21. b3 Ne5 22. Nb4 Ne4 23. Ned5 Nxc3 24. Nxc3 e6 25. Ne4 Qh4 26. Nc5 Rc7 27. Qe3 Qe7 28. Nbd3 Nxd3 29. Nxd3 Bxa1 30. Rxa1 Rcd7 31. Nc5 Rd4 32. Ne4 f5 33. Nc3 Qf6 34. Rc1 Rd3 35. Qe1 Kf7 36. Ne2 Qe5 37. Kf1 Rd2 38. Nc3 Qh2 39. Ne2 Qe5 40. Nc3 Qf4 41. Ne2 Qe4 42. Nc3 Qd4 43. g3 Qc5 44. Rd1 Rxd1 45. Nxd1 Qc6 46. h4 h6 47. Ne3 Qe4 48. Qa5 Qd4 49. Nd5 Rd7 50. Qb5 Qd3+ 51. Kg1 Rxd5 0-1